Guía eclesiástica de Chile

Uloženo v:
Podrobná bibliografie
Médium: Kniha
Jazyk:španělština
Vydáno: Santiago Proveedora del Culto 1964
Témata:
Tagy: Přidat tag
Žádné tagy, Buďte první, kdo vytvoří štítek k tomuto záznamu!

MARC

LEADER 00000nam a2200000 a 4500
001 UCL1034
003 CL-VaPUC
008 030829e19640000CL |||||||||||||||||spa|d
082 0 4 |a 274.983  |b GUI  |2 21 
245 1 0 |a Guía eclesiástica de Chile 
300 |a 260 p 
942 |c BK 
945 |d 20030829 00:00:00  |a rbrito 
260 |a Santiago  |b Proveedora del Culto  |c 1964 
650 0 |a Iglesia católica Chilena  |9 470715 
650 7 |a GUIAS  |2 CL-VaPUC  |9 477814 
650 0 |a Sacerdotes   |9 315705 
651 7 |a CHILE  |2 CL-VaPUC  |9 477815 
583 |a last modification  |c 20030829 00:00:00  |k Rodrigo Vera 
999 |c 304720  |d 304718 
952 |0 0  |1 0  |4 0  |6 274_983000000000000_GUI_1964  |7 0  |8 A  |9 367399  |a BIBTEO  |b BIBTEO  |d 2019-11-21  |i 207138K  |o 274.983 GUI 1964  |p 207138K  |r 2025-01-17  |w 2019-11-21  |y BK  |k ICR 
952 |0 0  |1 0  |4 0  |6 274_983000000000000_GUI_1964  |7 0  |8 A  |9 367400  |a BIBTEO  |b BIBTEO  |d 2019-11-21  |i 2071401  |o 274.983 GUI 1964  |p 2071401  |r 2025-01-17  |w 2019-11-21  |y BK  |k ICR